LEADER 01761nam 2200397 n 450 001 996392799003316 005 20200824121750.0 035 $a(CKB)4940000000111119 035 $a(EEBO)2248509993 035 $a(UnM)99868142e 035 $a(UnM)99868142 035 $a(EXLCZ)994940000000111119 100 $a19940614d1649 uy | 101 0 $aeng 135 $aurbn||||a|bb| 200 14$aThe plainest directions for the true-writing of English, that ever was hithero publisht$b[electronic resource] $eespecially of such words whose sounds are altogether alike, and their signification although unlike: and of such whose sounds are so neer alike, that they are oftentimes take one for another. Whereunto are added divers useful tables. Invented by Richard Hodges, a wel-wisher to learning 210 $aLondon $cPrinted by William Du-gard for Thomas Euster at the Gun in Ivie-Lane$dMDCXLIX. [1649] 215 $a[4], 66, [2] p 300 $aAnnotation on Thomason copy: "June 29.". 300 $aReproduction of the original in the British Library. 330 $aeebo-0018 606 $aEnglish language$xOrthography and spelling$vEarly works to 1800 606 $aEnglish language$xWriting$vEarly works to 1800 606 $aEnglish language$xHomonyms$vEarly works to 1800 615 0$aEnglish language$xOrthography and spelling 615 0$aEnglish language$xWriting 615 0$aEnglish language$xHomonyms 700 $aHodges$b Richard$cSchool-Master.$0126611 801 0$bCu-RivES 801 1$bCu-RivES 801 2$bCStRLIN 801 2$bWaOLN 906 $aBOOK 912 $a996392799003316 996 $aThe plainest directions for the true-writing of English, that ever was hithero publisht$92390964 997 $aUNISA LEADER 01763nam 2200469Ia 450 001 9910697084503321 005 20230902162215.0 035 $a(CKB)5470000002384054 035 $a(OCoLC)689082605 035 $a(EXLCZ)995470000002384054 100 $a20101203d2009 ua 0 101 0 $aeng 135 $auran||||||||| 181 $ctxt$2rdacontent 182 $cc$2rdamedia 183 $acr$2rdacarrier 200 00$aBaseline assessment and prioritization framework for IVHM integrity assurance enabling capabilities$b[electronic resource] /$fEric G. Cooper ... [and others] 210 1$aHampton, Va. :$cNational Aeronautics and Space Administration, Langley Research Center,$d[2009] 215 $a1 online resource (17 pages) $cillustrations 225 1 $aNASA TM- ;$v2009-215764 300 $aTitle from title screen (viewed on Dec. 3, 2010). 300 $a"June 2009." 320 $aIncludes bibliographical references (pages 15-17) 410 0$aNASA technical memorandum ;$v215764. 606 $aSoftware engineering$2nasat 606 $aStructural health monitoring$2nasat 606 $aSystems health monitoring$2nasat 606 $aProgram verification (computers)$2nasat 606 $aFault detection$2nasat 615 7$aSoftware engineering. 615 7$aStructural health monitoring. 615 7$aSystems health monitoring. 615 7$aProgram verification (computers) 615 7$aFault detection. 701 $aCooper$b Eric G$01408544 712 02$aLangley Research Center. 801 0$bGPO 801 1$bGPO 906 $aBOOK 912 $a9910697084503321 996 $aBaseline assessment and prioritization framework for IVHM integrity assurance enabling capabilities$93492714 997 $aUNINA